My analyser : a handwriting analysis system for career guidance /
Saved in:
| Main Author: | |
|---|---|
| Format: | Thesis Book |
| Language: | English |
| Published: |
2005.
|
| Subjects: | |
| Tags: |
Add Tag
No Tags, Be the first to tag this record!
|
| LEADER | 00861cam a2200217 a 4500 | ||
|---|---|---|---|
| 001 | u726689 | ||
| 003 | SIRSI | ||
| 005 | 200608241117 | ||
| 008 | 060824s2005 my t 000 0 eng m | ||
| 040 | |a UMM | ||
| 090 | |a QA76.758 |b UM 2005 Teh | ||
| 100 | 1 | 0 | |a Teh, Kean Siang. |
| 245 | 1 | 0 | |a My analyser : |b a handwriting analysis system for career guidance / |c Teh Kean Siang. |
| 260 | |c 2005. | ||
| 300 | |a xiv, 204 leaves : |b ill. ; |c 30 cm. | ||
| 502 | |a Dissertation (M.Softw.Eng.) -- Fakulti Sains Komputer dan Teknologi Maklumat, Universiti Malaya, 2005. | ||
| 504 | |a Bibliography: leaves 101-104. | ||
| 650 | 0 | |a Graphology |x Computer programs. | |
| 710 | 2 | 0 | |a Universiti Malaya. |b Fakulti Sains Komputer dan Teknologi Maklumat. |
| 596 | |a 1 | ||
| 999 | |a QA76.758 UM 2006 TEH |w LC |c 1 |i A511939165 |d 27/10/2010 |e 27/10/2010 |f 19/9/2006 |g 1 |l STACKS |m P01UTAMA |n 9 |r Y |s Y |t TESIS |u 18/9/2006 | ||
